000 00443nam a2200169Ia 4500
008 221030s9999 xx 000 0 und d
020 _a817656964X
041 _aEnglish
082 _a105.23
_bBay
100 _aI. Bayross ( PR )
245 0 _aSQL, PL / SQL : The Programming Language of Oracle ( PR )
_cby I. Bayross ( PR )
250 _a3rd
260 _bBPB Pub
_aNew Delhi
_c2005
300 _a443
650 _aBE Computer
942 _cBK
999 _c3907
_d3907